000 nam a22 7a 4500
999 _c8461
_d8461
008 180116b ||||| |||| 00| 0 eng d
100 _94859
_aSOUZA E.D ET AL
245 _aENGLISH WORK BOOK-3
260 _aMEERAT
_bARIHANT
_c2016